000 01259cam a22003734a 4500
999 _c7363
_d7363
001 16979045
003 OSt
005 20211022114707.0
008 110927s2011 enka b 001 0 eng d
010 _a 2011410282
015 _aGBB0B0590
_2bnb
016 7 _a015649342
_2Uk
020 _a9780745652016 (hbk.)
020 _a0745652018 (hbk.)
020 _a0745652026 (pbk.)
020 _a9780745652023 (pbk.)
035 _a(OCoLC)ocn664324668
040 _aUKM
_cDDC
_dYDXCP
_dUPP
_dCDX
_dPIT
_dNDD
_dDLC
042 _alccopycat
050 0 0 _aQC903
_b.G68 2011
082 0 4 _a632.1GOV 2011
100 _aHeld,David; Hervey,Angus; Theros,Marika;
_915092
245 0 4 _aThe governance of climate change.
_bScience, Economics, Politics and Ethics.
_cEdited by Held,David; Hervey,Angus and Theros,Marika;
260 _aUSA.
_bPolity.
_c2011.
300 _aix,228p;
_bill;
_c25cm.
504 _aIncludes; bibliographical references and index.
650 0 _aClimate Change.
_95837
700 1 _aHeld, David.
_915093
700 1 _aFane-Hervey, Angus.
_915094
700 1 _aTheros, Marika.
_915095
906 _a7
_bcbc
_ccopycat
_d2
_encip
_f20
_gy-gencatlg
942 _2ddc
_cO_SHELF